MDQL
is popping MORE tags! Check the
thread
!
Quizzes
Events
Quiz Creation
Community
Videos
Private Events
Remove Ads
Sign In
Join for FREE
Feedback
Dark Mode
Quiz Categories
Sports
Geography
Music
Movies
Television
Just For Fun
Miscellaneous
History
Literature
Language
Science
Gaming
Entertainment
Religion
Holiday
For Kids
Quiz Lab
Recent
Popular Today
Quiz Kudos Today
Editor Picks
Curator Picks
Quizzes by...
Day
Popularity
Type
Ratings
Length
Year
Community
Subscriptions
Recent Discussions
Orange Saloon
Badges
Playlists
Quests
Create
Leaderboards
Showdown
Live 5
Trivia Bingo
Activity
Puzzle Library
Sporcle Events
Private Events
Virtual Trivia
Globe League
Become a Host
Pub Owners
SporcleCon
Opinionation
Our Games
Videos
Blog
Mobile Apps
Partnerships
Remove Ads and Go Orange
Feedback
Miscellaneous
Crossword
General Knowledge
Baby Names
Logo
Food
Cars
Numbers
Grab Bag
University
College
Popular
Company
Slogans
Restaurants
Justice
Letter
Miscellaneous
Crossword
General Knowledge
Baby Names
Logo
Food
Cars
Numbers
Grab Bag
University
College
Popular
Company
Slogans
Restaurants
Justice
Letter
Random Quiz
Search Sporcle
×
Curator Pick
Curator Pick
Miscellaneous
Company
Type in answers that appear in a list
Type in answers that appear in a list
Classic
Best Score? Go Orange.
100 Largest US and Canadian Companies by Market Cap Stats
Can you name the 100 Largest US Companies by Market Cap?
By
nsxdarin
15m
100 Questions
1,554 Plays
1,554 Plays
1,554 Plays
Comments
Comments
Give Quiz Kudos
Give Quiz Kudos
-
- Ratings
hide this ad
More Info
Replay
Link that replays current quiz
Next Quiz
Link to next quiz in quiz playlist
You Got
0%
They Got
Avg Score
24%
Avg Friend Score
Upgrade to see
Score Distribution
Jump to the score distribution portion of the page
Score
0/100
Timer
15:00
0
Plays Today
Market Cap (Billion USD)
Company
% Correct
323.87
Apple
73%
215.27
Microsoft
69.3%
186.47
Wal-Mart
64.2%
414.64
ExxonMobil
60.3%
209.72
General Electric
59.7%
56.78
Ford
59%
186.40
Google
57.7%
78.51
McDonald's
57.3%
49.12
General Motors
54.3%
135.02
Bank of America
50.5%
149.64
Coca-Cola
50.1%
197.78
IBM
48.8%
77.11
Amazon.com
47.8%
170.54
AT&T
47.2%
101.50
PepsiCo
46.8%
105.46
Verizon
43.8%
34.62
Target
43.6%
81.60
Walt Disney
42.1%
168.26
Wells Fargo
41.2%
214.36
Chevron
40.7%
182.68
JP Morgan Chase
39.9%
54.00
Boeing
38.8%
161.32
Johnson & Johnson
36.8%
92.03
Hewlett-Packard
36.3%
199.88
Berkshire Hathaway
36.2%
129.59
Citigroup
36%
111.79
Intel
35.3%
82.22
Goldman Sachs Group
32.3%
162.70
Pfizer
31.1%
40.60
Texas Instruments
30.9%
61.32
Home Depot
30.3%
164.91
Oracle
29.3%
170.51
Procter & Gamble
28.7%
36.68
Nike
28.3%
Market Cap (Billion USD)
Company
% Correct
54.67
Kraft Foods
28%
60.05
Visa
27.5%
69.47
Comcast
27.4%
95.52
Cisco
26.5%
76.03
Toronto-Dominion
25.6%
41.16
eBay
25.3%
65.68
3M
24.9%
54.82
American Express
23.8%
46.37
CVS Caremark
23.6%
69.69
Caterpillar
22.9%
38.58
Time Warner
22.6%
37.52
Lowe's
22.3%
86.75
Royal Bank of Canada
22.2%
71.11
United Parcel Service
22.2%
41.93
Morgan Stanley
22.1%
65.59
American International Group
21.5%
100.42
Merck
20.9%
36.56
Walgreen
20.3%
114.71
ConocoPhillips
18.6%
39.68
Deere
18.5%
76.88
United Technologies
16.8%
44.45
Metlife
16.4%
43.39
Dow Chemical
16.2%
49.86
E.I. du Pont de Nemours & Company
15.1%
45.00
Honeywell
15.1%
42.05
Halliburton
14.4%
74.33
Abbott
14.1%
63.13
Bank of Nova Scotia
13.5%
70.62
Suncor Energy
13.4%
35.95
Bank of Montreal
13.4%
51.74
US Bancorp
13.1%
37.98
Monsanto
13.1%
117.03
Philip Morris
13%
47.85
Unitedhealth Group
12.8%
Market Cap (Billion USD)
Company
% Correct
86.71
Qualcomm
11.7%
43.23
Imperial Oil
11.3%
54.02
Altria Group
10.8%
39.92
Eli Lilly
10.7%
56.53
EMC
10.2%
39.58
Colgate-Palmolive
10.2%
118.26
Schlumberger
9.9%
53.01
Canadian Natural Resources
9.5%
51.31
Barrick Gold
8.9%
36.72
Marathon Oil
8.6%
36.57
Bank of New York Mellon
8.6%
48.89
Potash
8.5%
46.46
Bristol-Myers Squibb
8.4%
49.56
Amgen
8.2%
47.92
Union Pacific
8.1%
35.99
Goldcorp
7.9%
37.23
Directv
7.7%
36.10
BlackRock
7.3%
37.86
Accenture
7.2%
81.98
Occidental Petroleum
7%
51.63
Freeport-McMoRan Copper & Gold
6.8%
48.20
Apache
6.6%
43.60
Emerson Electric
6.4%
41.02
Medtronic
6.1%
41.13
Anadarko Petroleum
6%
50.31
Alcon
5.2%
39.72
Devon Energy
4.9%
36.29
Enterprise Products Partners
4.4%
33.90
VMWare
4%
34.22
Danaher
3.9%
35.17
Mosaic
3.7%
35.08
Southern Copper
3.4%
Quiz Playlist
Details
Report
Send in Message
Add To Playlist
More Info:
Market caps based on closing prices Friday, March 25th, 2011. Many common company abbreviations accepted, i.e. "IBM"
Classic:
Type in answers that appear in a list
Quiz Source
Last Updated: Feb 16, 2017
Curator Pick in
Company
Quiz Scoreboard
CHALLENGE
Sign Up to Join the Scoreboard
Show All
Scores
Hide
Comments
May contain spoilers
Recently Published
5x2 Blitz: Bands
by SL_Kpop136
Music
30s
Colored Red Africa Blitz
by spor1
Geography
30s
Find the 'City' Movie
by crazypaving
Movies
60s
More to Explore
Quiz From the Vault
Featured Blog Post
14 Easter Pick-up Lines to Find Eggs With
hide this ad
You Might Also Like...
Tags
Company Quiz
100
100 Largest
billion
cap
largest
market
US Companies
USD
Today's Top Quizzes in Miscellaneous
Browse Miscellaneous
hide this ad
Today's Top Quizzes in Company
Browse Company
Top Contributed Quizzes in Miscellaneous
1
5-to-1: Fast Food
2
The JOE quick-fire general knowledge quiz: Day 174
3
9x9 Crossword: Disney Movie Titles
4
9x9 Crossword: Charlie and the Chocolate Factory
5
9x9 Crossword: Pixar Movie Titles
6
9x9 Crossword: Flags
7
9x9 Crossword: 2022 Movies
8
9x9 Crossword: Nickelodeon
9
9x9 Crossword: Actors
10
9x9 Crossword: Halloween
Explore More
Trending Topics
Anime
Marvel
Crossword
Kpop
Disney
NBA
Harry Potter
NFL
Song
Country
Soccer
Pokémon
Puzzle
WWE
The Office
hide this ad
More By:
nsxdarin
Quiz
Plays
Rating
Category
Featured
Created
Populous Countries by Continent Minefield
326,684
4.22
Geography
Jun 13, 2011
Landlocked Countries Minefield
120,781
4.18
Geography
Jun 21, 2011
MLB HR Leaders Forced Retirement (2000s)
55,869
4.36
Sports
May 12, 2011
NHL Top 10 Career Goal Scorers (A-Z)
36,038
4.42
Sports
May 12, 2011
Top 50 Selling Artists in the US (RIAA) - MINES
24,343
3.64
Music
Jun 14, 2011
Go to Creator's Profile
Score Distribution
Quiz Creator Spotlight
nsxdarin
Follow
Send a Message
Quizzes Created
-
Created Quiz Play Count
-
More By This Creator
Popular Quizzes Today
1
Colored Red Africa Blitz
2
Find the 'City' Movie
3
Find the US States - No Outlines Minefield
4
5x2 Blitz: Bands
5
The Countries of the World
6
Find the US States
7
US States
8
9x9 Crossword: Cartoon Network
More Miscellaneous Quizzes
Concentration Click-a-Pic: Miscellaneous
Published
Trending Quizzes
Colored Red Europe Blitz I
Colored Red Europe Blitz II
Colored Red Africa Blitz II
Colored Red Europe Blitz III
Colored Red Africa Blitz III
Recently Updated
How Do You Spell That?
pecheneg
Godzilla Movies
pecheneg
Grab Bag: 4-10 Letters
pecheneg
2024 March Madness Bracket
pecheneg
Famous TV Couples
Peacemaker
Champions League XIs: Real Madrid
pecheneg
Largest US Cities 1790-2010
pecheneg
Rides in Walt Disney World
pecheneg
Most Oscar Losses (Acting)
pecheneg
Beyoncé Albums
pecheneg
Trending Topics
Harry Potter
Kpop
Disney
Crossword
Marvel
NBA
Anime
Pokémon
Song
Puzzle
WWE
NFL
Country
Soccer
The Office
Your Account Isn't Verified!
In order to create a playlist on Sporcle, you need to verify the email address you used during registration. Go to your
Sporcle Settings
to finish the process.
Report this User
Report this user for behavior that violates our
Community Guidelines
.
Details:
Send Report
Go to the Sporcle.com Mobile Site →
Comments